| 000 | 00386nam a2200097Ia 4500 | ||
|---|---|---|---|
| 008 | 180130s9999 xx 000 0 und d | ||
| 245 |
_cDirin, A.; Nieminen, M _amLUX: usability and user experience development framework for M-Learning |
||
| 260 | _c2016 | ||
| 300 | _aBook title: Recent developments in mobile technology--Acession number C20742; pages 187-201 | ||
| 650 | _aMOBILE TECHNOLOGY | ||
| 999 |
_c353782 _d353782 |
||